| 000 | 00947nas a2200325 4500 | ||
|---|---|---|---|
| 001 | BR2015006672 | ||
| 003 | BR-BrBNA | ||
| 005 | 20231205125927.0 | ||
| 007 | ta | ||
| 008 | 230509b bl.|||p| |||| 00| 00por d | ||
| 040 |
_aBR-BrBNA _bpor _cBiblioteca Nacional de Agricultura |
||
| 041 | _a(Pt) | ||
| 072 | _aK10; P33 | ||
| 100 | 1 | _aRocha, J.H.T. | |
| 100 | 1 | _aSantos, A.J.M. | |
| 100 | 1 | _aDiogo, F. | |
| 100 | 1 | _aBackes, C. | |
| 100 | 1 | _aMelo, A.G.C. de | |
| 100 | 1 | _aBorelli, K. | |
| 100 | 1 | _aGodinho, T. de O. | |
| 245 | 1 | _aReflorestamento e recuperação de atributos químicos e físicos do solo | |
| 650 | _aREFLORESTAMENTO | ||
| 650 | _aEUCALÍPTO | ||
| 650 | _aSOLO | ||
| 650 | _aPROPRIEDADE FÍSICO-QUÍMICA | ||
| 650 | _aQUALIDADE | ||
| 773 | 0 |
_tFloresta e Ambiente (Brazil) _xISSN 1415-0980 _g(Jul-Sep 2015), v. 22(3) p. 299-306 _wBR2015006672 |
|
| 909 |
_a202311 _bLúcia _c55 _dLúcia Elande |
||
| 942 |
_2AGRIS _n0 _cANA |
||
| 999 |
_c246934 _d246934 |
||